000 01472nam a2200325 a 4500
001 ebr10379930
003 CaPaEBR
006 m u
007 cr cn|||||||||
008 090803s2009 vaua sb 001 0 eng
010 _z 2009031869
020 _z9781416608851 (pbk.)
020 _z1416608850 (pbk.)
040 _aCaPaEBR
_cCaPaEBR
035 _a(OCoLC)613206358
050 1 4 _aLB1731
_b.S44 2009eb
082 0 4 _a370.71/55
_222
100 1 _aSemadeni, Joseph H.
245 1 0 _aTaking charge of professional development
_h[electronic resource] :
_ba practical model for your school /
_cJoseph H. Semadeni.
260 _aAlexandria, Va. :
_bASCD,
_cc2009.
300 _axv, 172 p. :
_bill.
504 _aIncludes bibliographical references and index.
505 0 0 _tInspiration to change --
_tProfessional development --
_tInstructional leadership --
_tUse of resources --
_tCurriculum and assessment --
_tSystemic intervention --
_tDifferentiated instruction --
_tChange through fusion.
533 _aElectronic reproduction.
_bPalo Alto, Calif. :
_cebrary,
_d2013.
_nAvailable via World Wide Web.
_nAccess may be limited to ebrary affiliated libraries.
650 0 _aTeachers
_xIn-service training.
650 0 _aTeachers
_xProfessional relationships.
655 7 _aElectronic books.
_2local
710 2 _aebrary, Inc.
856 4 0 _uhttp://site.ebrary.com/lib/rucke/Doc?id=10379930
_zAn electronic book accessible through the World Wide Web; click to view
999 _c205844
_d205844